01770nam a2200349 i 4500001001000000003000900010005001700019007000300036008004100039040003000080082001500110100005100125245018100176250002000357264005100377300002600428336002700454337003300481338002800514500005900542504003000601505034800631590002600979700004701005700004101052700004901093700004901142910001401191942001401205952018401219999001701403000016340DO-SdBNP20250130133959.0ta100303s1984 dr 000 0 spa d aDO-SdBNPbspacBNPHUerda axxxbC172e aGuzmán de Camacho, Ana Dolores912351d1963-10aEvaluación Educativa :bcuaderno pedagógico /cAna Dolores de Camacho, Josefina Mercedes de Cotes, Socorro Hernández, Alejandrina Germán, Israel Eduardo Contreras Fani  a2da. edición  1aSanto Domingo :bEditora Universitaria,c1984. a202 páginasc27 cm. 2rdacontentatextobtxt 2rdamediaasin medición bn 2rdacarrieravolumenbnc aFacultad de Humanidades. Departamento de Pedagogía.  aBibliografía p: 199-202 gTema I --tVisión preliminar de la necesidad de la evaluación --gTema II --tNaturaleza y ámbito de la evaluación --gTema III --tRendimiento escolar --gTema IV --tLas pruebas: instrumento de medición --gTema V --tTécnicas para evaluar el dominio afectivo y el psicomotor --gTema VI --tLa promoción y las calificaciones / aInventariado 2023/ YL12aCotes, Josefina Mercedes de936448eAutora12aHernández, Socorro936449eAutora 12aGermán de Sosa, Alejandrina936450eAutora12aContreras Fani, Israel Eduardo936451eAutor aYLockward 2ddccLBS1 00102ddc51708PDaBNPHUbBNPHUcHDd2023-08-01eBarbara Suncarl0oxxx C172ep2023-5104r2023-08-01w2023-08-01yLBS1zPerteneció a la biblioteca personal de Bárbara Suncar c54281d54281